000 00605nam a2200217Ia 4500
003 OSt
005 20220926045213.0
006 a|||||r|||| 00| 0
007 ta
008 220923b |||||||| |||| 00| 0 eng d
037 _cGeneral Book
040 _aRTL
_cRTL
_beng
041 _2eng
_aeng
082 _aX71.216
110 _aAndhra pradesh
245 0 _aBudget estimates(Plan) for the year 1972-73 schemes in the fourth five-year plan
500 _aDemands for grants and detailed estimates
700 _aAndhra pradesh
942 _hX71.216
_cGB
_2CC
999 _c676951
_d676951